|
|
|
|
| LEADER |
00000nam0a2200000 4500 |
| 001 |
108830 |
| 005 |
20231101214827.0 |
| 010 |
|
|
|a 5986720385
|
| 035 |
|
|
|a (RuTPU)RU\TPU\book\117482
|
| 090 |
|
|
|a 108830
|
| 100 |
|
|
|a 20070126d2006 m y0rusy50 ca
|
| 101 |
0 |
|
|a rus
|
| 102 |
|
|
|a RU
|
| 105 |
|
|
|a a z 001zy
|
| 200 |
1 |
|
|a Практическая геомеханика
|e пособие для горных инженеров
|f А. Б. Макаров
|
| 210 |
|
|
|a Москва
|c Горная книга
|d 2006
|
| 215 |
|
|
|a 391 с.
|c ил.
|
| 320 |
|
|
|a Библиография в конце книги.
|
| 330 |
|
|
|a Обычно книги по геомеханике содержат большое количество математических выражений, формул, уравнений. Это необходимо для того, чтобы проникнуть в суть природных явлений, с которыми сталкиваются шахтеры. Но зачастую формул оказывается так много, что из-за них от горняков ускользает смысл процессов. Поэтому появился большой разрыв между современными достижениями геомеханики и уровнем понимания природы горного давления инженерами, которые руководят горными работами. Данное пособие основано на практическом опыте работы рудников, в первую очередь корпорации «Казахмыс». Оно предназначено для того, чтобы сократить разрыв между теорией и практикой, поэтому в нем почти нет формул. Суть геомеханических процессов и явлений при подземной добыче руды объясняется доступными словами, простыми схемами, наглядными иллюстрациями, типичными примерами из практики. Автор надеется, что из понимания природы геомеханических явлений и процессов появится умение управлять горным давлением. Пособие предназначено для горных инженеров подземных рудников, будет полезно студентам горных вузов.
|
| 606 |
1 |
|
|a Геомеханика глубинная
|2 stltpush
|3 (RuTPU)RU\TPU\subj\6195
|9 34132
|
| 610 |
1 |
|
|a горное давление
|
| 610 |
1 |
|
|a горные породы
|
| 610 |
1 |
|
|a массивы
|
| 610 |
1 |
|
|a природное напряженное состояние
|
| 610 |
1 |
|
|a выработки
|
| 610 |
1 |
|
|a проходка
|
| 610 |
1 |
|
|a крепление
|
| 610 |
1 |
|
|a горные удары
|
| 610 |
1 |
|
|a пологие залежи
|
| 610 |
1 |
|
|a разработка
|
| 610 |
1 |
|
|a управление
|
| 610 |
1 |
|
|a сдвижение
|
| 610 |
1 |
|
|a мониторинг
|
| 610 |
1 |
|
|a учебные пособия
|
| 675 |
|
|
|a 622.831(07)
|v 3
|
| 700 |
|
1 |
|a Макаров
|b А. Б.
|g Александр Борисович
|
| 801 |
|
1 |
|a RU
|b 63413507
|c 20070126
|g PSBO
|
| 801 |
|
2 |
|a RU
|b 63413507
|c 20140911
|g PSBO
|
| 942 |
|
|
|c BK
|